| 000 | nam a22 a 4500 | ||
|---|---|---|---|
| 999 |
_c2128 _d2128 |
||
| 003 | AKMAL | ||
| 005 | 20170515122048.0 | ||
| 008 | 170515s1999 xxu 00 eng d | ||
| 020 |
_a0751306231 (pbk.): _cRM 300.00 |
||
| 040 |
_aAKMAL _cAKMAL |
||
| 082 | 0 | 4 |
_a362.293 STO _219 |
| 090 | 0 | 0 |
_a362.293 _bSTO d |
| 100 | 1 |
_aStoppard, Miriam, _d1937- _94432 |
|
| 245 | 1 | 0 |
_aDrugs info file : _bfrom alcohol & tobacco to ectasy & heroin / _cMiriam Stoppard |
| 260 |
_aLondon : _bDorling Kindersley, _c1999 |
||
| 300 | 0 | 0 |
_a128p. : _bill. ; _c22cm |
| 500 | _aIncludes index | ||
| 650 | 0 |
_aDrugs _94433 |
|
| 650 | 0 |
_aConsumer education _94434 |
|
| 942 |
_2ddc _cBOOK |
||